Score 0/10 Timer 01:30
0 Plays Today
% Correct
Julie & Julia
82.4%
Pulp Fiction
82.2%
Memento
72.4%
Eternal Sunshine of the Spotless Mind
69.5%
Once Upon A Time in America
63.3%
(500) Days of Summer
53.6%
Mulholland Drive
45.7%
Primer
44.7%
Run Lola Run
35%
21 Grams
32.2%

Today's Daily Dose

Remove Ads.
Support Sporcle.
Get the best of Sporcle when you Go Orange. This ad-free experience offers more features, more stats, and more fun while also helping to support Sporcle. Thank you for becoming a member.

You're not logged in!

Compare scores with friends on all Sporcle quizzes.
OR
Log In

Show Comments

Extras

Top Quizzes Today


Score Distribution

Your Account Isn't Verified!

In order to create a playlist on Sporcle, you need to verify the email address you used during registration. Go to your Sporcle Settings to finish the process.

Report this User

Report this user for behavior that violates our Community Guidelines.

Details: